|
|
|
|
| LEADER |
00000nam a22000005a 4500 |
| 001 |
vtls010640683 |
| 003 |
SK-MaSNL |
| 005 |
20260302085735.0 |
| 008 |
240318 1976 xo 000 0 slo |
| 040 |
|
|
|a SNK
|b slo
|c SNK
|e AACR2
|
| 041 |
0 |
|
|a slo
|
| 044 |
|
|
|a xo
|c SK
|
| 100 |
1 |
|
|a Tarcalová, Želmíra,
|d 1910-2005
|4 aut
|9 195125
|
| 245 |
1 |
0 |
|a Slovenský jazyk pre 8. ročník ZDŠ
|c Želmíra Tarcalová
|
| 250 |
|
|
|a 8. vyd.
|
| 260 |
|
|
|a Bratislava
|b Slovenské pedagogické nakladateľstvo
|c 1976
|e Banská Bystrica
|f Tlačiarne SNP
|
| 300 |
|
|
|a 168 s.
|
| 958 |
|
|
|a OND
|
| 999 |
|
|
|c 1193585
|d 1195515
|
| 952 |
|
|
|a SNK
|b SNK
|y VYP
|7 0
|p 17A1076587
|o snkSC 38523 D1
|i snkKSP 2485/76
|3 rekatalogizácia
|0 0
|1 0
|4 0
|d 2014-12-03
|l 0
|r 2026-02-24 22:18:50
|w 2026-02-24
|